| 000 | 00434nam a2200181Ia 4500 | ||
|---|---|---|---|
| 001 | 9631 | ||
| 005 | 20260306161732.0 | ||
| 008 | 260306t2008||||xx |||||||||||||| ||spa|| | ||
| 041 | _aESP | ||
| 082 |
_a382.985 _bG72 2008 |
||
| 100 |
_aGonzález Vigil, Fernando _eAUT |
||
| 245 | 0 | _aConociendo APEC y sus sistemas | |
| 260 | _c2008 | ||
| 300 |
_a192 páginas : _ccm. |
||
| 650 | _aGEN | ||
| 654 | _aCAN | ||
| 942 |
_cLIB _dJUS _fJUS _2ddc _n |
||
| 999 |
_c9631 _d9631 |
||